Statistiques concernant Prénoms les plus moches

Cliquez ici pour prendre le quiz!

Statistiques générales

  • Ce quiz a été pris 342 fois
  • Le résultat moyen est 3 sur 31

Statistiques - réponses

HintRéponse% Correct
6KKevin
49%
15GGertrude
35%
20DDylan
28%
29BBernard
23%
14GGontran
19%
7RRené
14%
2CCunégonde
12%
31GGuy
10%
16TThéophile
10%
12BBérangère
9%
18DDominique
9%
8MMarcel
9%
17MMonique
7%
22RRaoul
7%
19VVéronique
7%
3JJacky
5%
9JJosette
5%
26RRoland
4%
13BBalthazar
3%
1GGonzague
3%
21CChristopher
2%
27AArnold
1%
23EEulalie
1%
4GGuénolé
1%
25MMylène
1%
30RRudy
1%
5BBruce
0%
28LLudmilla
0%
24MMarlène
0%
11MMathurin
0%
10PPeggy
0%

Distribution des résultats

Percentile par nombre de réponses

% des personnes avec chaque résultat

Votre développement - résultats

Vous n’avez pas pris ce quiz